000 00348nam a2200145Ia 4500
005 20250408045420.0
008 240331s9999 xx 000 0 und d
082 _bMAN
_a068
245 0 _aManorama year Book 1995
260 _aKerala
_bMalaiyaloa Manorama
_c1995
300 _a720 p .,
650 _aArticals
700 _aManorama
_eedt
942 _cL
999 _c1310
_d1310